000 00286nam a2200121Ia 4500
005 20260328104245.0
008 260328s9999||||xx |||||||||||||| ||und||
100 _aCamacho, Fabio
245 0 _aAspectos de Lima /
_cFabio Camacho
260 _bIncazteca
650 _aPERÚ
942 _cBK
999 _c10037
_d10037